The activity of children /

Bibliographic Details
Main Author: Pickard, Phyllis M.
Format: Book
Language:English
Published: [London] : Longmans, [1965]
Subjects:

MARC

Tag First Indicator Second Indicator Subfields
LEADER 00000cam a2200000 4500
001 in00000051959
005 20151007080227.0
008 730720s1965 eng u
010 |a  65029558  
035 |a (OCoLC)00657649 
035 |9 AAF4452AM 
040 |c AKR  |d TXA  |d UtOrBLW 
049 |a TXAM  |c [472114] 
050 0 0 |a BF721  |b .P557 
092 |a 155.4  |b P594a 
100 1 |a Pickard, Phyllis M. 
245 1 4 |a The activity of children /  |c [by] P.M. Pickard. 
264 1 |a [London] :  |b Longmans,  |c [1965] 
300 |a xi, 148 pages :  |b illustrations 
336 |a text  |b txt  |2 rdacontent 
337 |a unmediated  |b n  |2 rdamedia 
338 |a volume  |b nc  |2 rdacarrier 
504 |a Bibliography: pages 139-144. 
650 0 |a Child psychology. 
650 0 |a Play. 
999 |a MARS 
999 f f |s 7d9064b0-a8c4-3765-8232-2b3c414ac1a7  |i 6f5822df-98be-30d1-97ff-47c02e6a1b47  |t 0 
952 f f |p ric  |a Texas A&M University  |b Rellis Campus  |c Joint Library Facility  |d Remote Storage  |t 0  |e BF721 .P557  |h Library of Congress classification  |i unmediated -- volume  |m A14800527499 
998 f f |a BF721 .P557  |t 0  |l Remote Storage